| 000 | 00633nam a2200229 b 4500 | ||
|---|---|---|---|
| 001 | bimo0000367302 | ||
| 003 | OSt | ||
| 005 | 20141119213002.0 | ||
| 008 | 921117s1991 sp | |||| ||spa d | ||
| 020 | _a84-249-1452X | ||
| 040 | _cBMC | ||
| 082 | _a980 | ||
| 082 | _a940 | ||
| 100 | 1 |
_93427 _aGallego, José Andrés |
|
| 245 | 1 | 0 |
_aHistoria general de la gente poco importante _b: (América y Europa hacia 1789) _cJosé Andrés-Gallego |
| 260 | 0 |
_aMadrid _bGredos _c1991 |
|
| 300 |
_a459 p. _c18 cm |
||
| 504 | _aBibliografía | ||
| 651 | 2 | 4 |
_aAmérica _xHistoria _99069 |
| 651 | 2 | 4 |
_aEuropa _xHistoria _912600 |
| 942 |
_2ddc _cBK |
||
| 999 |
_c6510 _d6510 |
||